1336 1541 1323 1145 1112 1011 1296 1887 1901 1875 1955 1717 1870 1757 1541 1598 1302 1385 1164 1485 1186 1077 1515 1082 1324 1381 1865 1570 1102 1120 1208 1520 1858 1135 1435 1299 1118 1103 1340 1049 1143 1943 1529 1742 1840 1275 1581 1559 1700 1460 1316 1756 1135 1067 1044 1139 1547 1196 1595 1707 1801 1483 1776 1820 1737 1610 1038 1486 1224 1650 1670 1457 1873 1291 1592 1903 1979 1773 1427 1230 1872 1216 1204 1085 1256 1698 1525 1142 1809 1866 1431 1792 1153 1164 1156 1746 1233 1939 1665 BCNSPRNW ULIB Ver.6.0+V

เปลี่ยนเป็นภาษาไทย

Change to English
 แสดงรายละเอียดบรรณานุกรม
  กลับหน้าหลัก

Brief Record : Get Marc (ISO 2709) : E-mail record : QR code < ปิดหน้าต่าง
LEADER : 00000nam 2200000uu 4500
001    13399121755
003     ULIB
008    121204s2555||||th 000 0 tha d
020    ^a9786160002979
090    ^aนว.^bป618ป
100 0  ^aปิ่นปินัทธ์
245 10 ^aปทมาศวรรย์ /^cปิ่นปินัทธ์
250    ^aพิมพ์ครั้งที่ 1
260    ^aกรุงเทพฯ :^bพิมพ์คำ,^c2555
300    ^a567 หน้า ;^c21 ซม.
490 0  ^aชุดดวงดอกไม้
650  4 ^aนวนิยายไทย
830  0 ^aชุดดวงดอกไม้
945    ^p340^l0^i033170
999    ^aใช้งานได้ทุกระบบ
รายการนี้ยังไม่มีแท็ก
คุณยังไม่ได้ล็อกอิน คุณสามารถมีกิจกรรมร่วมกับเว็บไซต์ได้ แต่ต้องล็อกอินก่อน ::
  ล็อกอิน

รายการสื่อสารสนเทศ

ลำดับที่ ประเภท เลขเรียก/บาร์โค้ด สถานที่ สถานะ
1. นวนิยาย
นวนิยาย
นว. ป618ป  
  Barcode: 033170
ห้องสมุดวิทยาเขตสวรรค์ประชารักษ์
►นวนิยาย
บนชั้น
  ขอยืม

รายการใกล้เคียง
    ผู้แต่ง [ปิ่นปินัทธ์]

    หัวเรื่อง [นวนิยายไทย]

BibComment


ยังไม่เคยถูกคอมเมนท์

คอมเมนท์ทรัพยากรรายการนี้
  คอมเมนท์: ปทมาศวรรย์ ปิ่น..


 Copyright 2026. Bcnsprnw @Library